| 000 -LEADER |
| fixed length control field |
00788cam a2200265Ja 4500 |
| 020 ## - INTERNATIONAL STANDARD BOOK NUMBER |
| ISBN |
0521411467 |
| 020 ## - INTERNATIONAL STANDARD BOOK NUMBER |
| ISBN |
9780521411462 |
| 020 ## - INTERNATIONAL STANDARD BOOK NUMBER |
| ISBN |
0521423082 (pbk.) |
| 020 ## - INTERNATIONAL STANDARD BOOK NUMBER |
| ISBN |
9780521423083 (pbk.) |
| 040 ## - CATALOGING SOURCE |
| Transcribing agency |
DLC |
| 041 1# - LANGUAGE CODE |
| Language code of original and/or intermediate translations of text |
fre |
| 082 ## - DEWEY DECIMAL CLASSIFICATION NUMBER |
| Classification number |
330 CAM 1997 A015 Or. |
| 100 1# - MAIN ENTRY--AUTHOR NAME |
| Personal name |
Gourieroux, Christian, |
| 245 10 - TITLE STATEMENT |
| Title |
Time series and dynamic models / |
| 260 ## - PUBLICATION, DISTRIBUTION, ETC. (IMPRINT) |
| Place of publication |
Cambridge ; |
| -- |
New York : |
| Name of publisher |
Cambridge University Press, |
| Year of publication |
1997. |
| 300 ## - PHYSICAL DESCRIPTION |
| Number of Pages |
xv, 668 p. : |
| Other physical details |
ill. ; |
| Dimensions |
24 cm. |
| 490 1# - SERIES STATEMENT |
| Series statement |
Themes in modern econometrics |
| 500 ## - GENERAL NOTE |
| General note |
Translation of the 2nd French edition, revised and updated. |
| 650 #0 - SUBJECT ADDED ENTRY--TOPICAL TERM |
| Topical Term |
Economics, Mathematical. |
| 650 #0 - SUBJECT ADDED ENTRY--TOPICAL TERM |
| Topical Term |
Econometrics. |
| 650 #0 - SUBJECT ADDED ENTRY--TOPICAL TERM |
| Topical Term |
Time-series analysis. |
| 700 1# - ADDED ENTRY--PERSONAL NAME |
| Personal name |
Monfort, Alain, |
| 700 1# - ADDED ENTRY--PERSONAL NAME |
| Personal name |
Gallo, Giampiero M. |
| 942 ## - ADDED ENTRY ELEMENTS (KOHA) |
| Koha item type |
សៀវភៅភាសាអង់គ្លេស |
| 952 ## - LOCATION AND ITEM INFORMATION (KOHA) |
| Withdrawn status [LOCAL, KOHA] |
0 |